01379nac a22003251i 4500003000900000005001700009008004100026020001500067020001800082040004300100082002200143245013500165264005200300300004500352336002600397337002800423338002700451504005100478650004300529650002700572650003200599655001700631700003600648700006000684856008700744856007400831942001200905999001500917952012100932EG-ScBUE20250624085730.0250619s2001 enka f b 001 0 eng d a0521591031 a9780521591034 aEG-ScBUEbengerdacEG-ScBUEdEG-ScBUE04a537.6226bLOW22200aLow-dimensional semiconductor structures :bfundamentals and device applications /cedited by Keith Barnham and Dimitri Vvedensky. 1aCambridge :bCambridge University Press,c2001. axiv, 393 pages :billustrations ;c26 cm 2rdacontentatextbtxt aunmediated2rdamediabn avolumebnc2rdacarrier aIncludes bibliographical references and index. 7aLow-dimensional semiconductors.2BUEsh 7aCrystal growth.2BUEsh 7aQuantum Hall effect.2BUEsh vReading book1 aBarnham, Keith,d1943-eeditor.1 aVvedensky, Dimitri D.d(Dimitri Dimitrievich),eeditor.423Publisher descriptionuhttp://www.loc.gov/catdir/description/cam0210/99045442.html423Table of contentsuhttp://www.loc.gov/catdir/toc/cam027/99045442.html cBB2ddc c6417d6417 00102ddc40708AlahramaMAINbMAINc1STd2007-11-22ePurchasel0o537.6226 LOWp000007854r2025-07-15 00:00:00yBB